000 00206nam a2200097Ia 4500
003 GCL
008 140319s9999 xx 000 0 ara d
040 _aGCL /
_cGCL
082 0 4 _aNOISE DESIGN
300 _aRECOVERG
999 _c25753
_d25753